[Event "POL-Tch 2nd League"]
[Site "POL"]
[Date "2022.09.08"]
[Round "6.36"]
[White "Golubka, Petro"]
[Black "Fiedorek, Michal"]
[Result "1/2-1/2"]
[WhiteElo "2360"]
[BlackElo "2257"]
[WhiteFideId "-1"]
[BlackFideId "-1"]
[PlyCount "25"]
[GameId "2130307571196265"]
[EventDate "2022.09.03"]
[EventType "team"]
[EventRounds "9"]
[EventCountry "POL"]
[SourceTitle "10 Days #699"]
[Source "ChessMix"]
[SourceDate "2022.09.20"]
[SourceVersion "1"]
[SourceVersionDate "2022.09.20"]
[SourceQuality "1"]
[WhiteTeam "KSz Hetman Plock"]
[BlackTeam "UKS Rotmistrz Grudziadz"]

1. d4 d5 2. Nf3 Nf6 3. e3 c5 4. b3 Nc6 5. Bb2 cxd4 6. Nxd4 Bg4 7. Nxc6 bxc6 8. Be2 Bxe2 9. Qxe2 e6 10. Nd2 Be7 11. O-O O-O 12. c4 a5 13. Rfd1 1/2-1/2

[Event "POL-Tch 2nd League"]
[Site "POL"]
[Date "2022.09.09"]
[Round "7.66"]
[White "Litner, Igor"]
[Black "Golubka, Petro"]
[Result "0-1"]
[WhiteElo "1978"]
[BlackElo "2360"]
[WhiteFideId "-1"]
[BlackFideId "-1"]
[PlyCount "74"]
[GameId "2130307571200497"]
[EventDate "2022.09.03"]
[EventType "team"]
[EventRounds "9"]
[EventCountry "POL"]
[SourceTitle "10 Days #699"]
[Source "ChessMix"]
[SourceDate "2022.09.20"]
[SourceVersion "1"]
[SourceVersionDate "2022.09.20"]
[SourceQuality "1"]
[WhiteTeam "UKS Sparta Bialoleka"]
[BlackTeam "KSz Hetman Plock"]

1. Nf3 Nf6 2. g3 b5 3. b3 Bb7 4. Bg2 a6 5. Bb2 e6 6. O-O Be7 7. d3 O-O 8. Nbd2 c5 9. e4 d6 10. a4 Nc6 11. axb5 axb5 12. Rxa8 Qxa8 13. Qa1 Nb4 14. Qb1 Rd8 15. c3 Nc6 16. Qc2 d5 17. Ra1 Qb8 18. Nf1 h6 19. Ne3 d4 20. Nd1 dxc3 21. Bxc3 Nb4 22. Bxb4 cxb4 23. Bf1 Rc8 24. Qa2 Nd7 25. Ne3 Rc3 26. Nd1 Rc6 27. Qa7 Qc8 28. d4 Rc7 29. Qa5 Nf6 30. Qxb5 Nxe4 31. Ne5 Nd2 32. Qd3 Rc1 33. Rxc1 Qxc1 34. Be2 Bf6 35. Qb5 Bxe5 36. Qxb7 Bd6 37. Qa8+ Bf8 0-1

[Event "POL-Tch 2nd League"]
[Site "POL"]
[Date "2022.09.10"]
[Round "8.42"]
[White "Golubka, Petro"]
[Black "Wandzik, Wojciech"]
[Result "1/2-1/2"]
[WhiteElo "2360"]
[BlackElo "2408"]
[WhiteFideId "-1"]
[BlackFideId "-1"]
[PlyCount "94"]
[GameId "2130307571204685"]
[EventDate "2022.09.03"]
[EventType "team"]
[EventRounds "9"]
[EventCountry "POL"]
[SourceTitle "10 Days #699"]
[Source "ChessMix"]
[SourceDate "2022.09.20"]
[SourceVersion "1"]
[SourceVersionDate "2022.09.20"]
[SourceQuality "1"]
[WhiteTeam "KSz Hetman Plock"]
[BlackTeam "KS AZS Politechniki Slaskiej Gliwice"]

1. c4 e5 2. Nc3 Nf6 3. Nf3 Nc6 4. e4 d6 5. h3 g6 6. g3 Bg7 7. Bg2 O-O 8. d3 Nd7 9. O-O Nc5 10. Be3 Ne6 11. Qd2 f5 12. exf5 gxf5 13. Nd5 f4 14. gxf4 exf4 15. Nxf4 Nxf4 16. Bxf4 Qf6 17. Bg3 Bxh3 18. Qg5 Bxg2 19. Qxf6 Rxf6 20. Kxg2 Re8 21. Rae1 Rfe6 22. Rxe6 Rxe6 23. b3 Nb4 24. d4 Nxa2 25. c5 dxc5 26. dxc5 c6 27. Rd1 Bf6 28. Rd7 Re7 29. Rd8+ Kg7 30. Bd6 Rf7 31. Ra8 Nc1 32. Rxa7 Kg6 33. Ra3 Nd3 34. Ra4 Kf5 35. Nd4+ Bxd4 36. Rxd4 Ne5 37. Bxe5 Kxe5 38. Rh4 Rd7 39. f3 Rd4 40. Rh5+ Ke6 41. Rxh7 Rb4 42. Rh6+ Kf5 43. Rh5+ Kg6 44. Re5 Rxb3 45. Kg3 Kf6 46. Rh5 Kg6 47. Re5 Kf6 1/2-1/2

[Event "POL-Tch 2nd League"]
[Site "POL"]
[Date "2022.09.11"]
[Round "9.30"]
[White "Marczuk, Dominik"]
[Black "Golubka, Petro"]
[Result "0-1"]
[WhiteElo "2281"]
[BlackElo "2360"]
[WhiteFideId "-1"]
[BlackFideId "-1"]
[PlyCount "79"]
[GameId "2130307571208883"]
[EventDate "2022.09.03"]
[EventType "team"]
[EventRounds "9"]
[EventCountry "POL"]
[SourceTitle "10 Days #699"]
[Source "ChessMix"]
[SourceDate "2022.09.20"]
[SourceVersion "1"]
[SourceVersionDate "2022.09.20"]
[SourceQuality "1"]
[WhiteTeam "KKSz Krakow"]
[BlackTeam "KSz Hetman Plock"]

1. e4 b6 2. d4 Bb7 3. Bd3 g6 4. Nf3 Bg7 5. O-O d6 6. c3 Nd7 7. Re1 e6 8. Bg5 Ne7 9. Nbd2 h6 10. Bh4 O-O 11. h3 a6 12. e5 dxe5 13. Nxe5 Nxe5 14. Bxe7 Qxe7 15. dxe5 Rad8 16. Qe2 Bxe5 17. Bxa6 Bxa6 18. Qxa6 Bxc3 19. bxc3 Rxd2 20. Rad1 Qd6 21. Rxd2 Qxd2 22. Re3 Rd8 23. Qc4 Rd7 24. a4 Qd1+ 25. Kh2 Qd5 26. Qh4 Kg7 27. Rf3 Qe5+ 28. Qf4 Rd5 29. g3 Qxf4 30. Rxf4 Rc5 31. Rd4 Rxc3 32. Rd7 e5 33. Rd5 Ra3 34. Rd7 Rc3 35. Rd5 e4 36. Rd4 e3 37. fxe3 Rxe3 38. Rc4 c5 39. a5 bxa5 40. Rxc5 0-1

[Event "Ustron op"]
[Site "Ustron POL"]
[Date "2022.08.12"]
[Round "1.18"]
[White "Manakova, Maria"]
[Black "Golubka, Petro"]
[Result "0-1"]
[WhiteElo "2236"]
[BlackElo "2367"]
[WhiteFideId "-1"]
[BlackFideId "-1"]
[PlyCount "90"]
[GameId "2130307572146375"]
[EventDate "2022.08.12"]
[EventType "swiss"]
[EventRounds "9"]
[EventCountry "POL"]
[SourceTitle "10 Days #697"]
[Source "ChessMix"]
[SourceDate "2022.09.01"]
[SourceVersion "1"]
[SourceVersionDate "2022.09.01"]
[SourceQuality "1"]

1. e4 c5 2. f4 a6 3. c4 e5 4. d3 d6 5. Nf3 Nc6 6. Nc3 Be7 7. Be2 f5 8. O-O Nf6 9. exf5 Bxf5 10. Nh4 Be6 11. f5 Bf7 12. Nf3 Nd7 13. Nd5 h6 14. Nd2 Nb4 15. Nxe7 Qxe7 16. Ne4 O-O-O 17. a3 Nc6 18. b4 Nf6 19. Be3 Nxe4 20. dxe4 Nd4 21. Bd3 Kb8 22. Rb1 Ka7 23. b5 axb5 24. cxb5 b6 25. a4 Kb7 26. a5 bxa5 27. Qa4 Kb6 28. Ra1 Ra8 29. Ra3 Ra7 30. Bd2 Rha8 31. Rfa1 d5 32. exd5 Bxd5 33. Bc4 Be4 34. Be6 g6 35. Rh3 h5 36. Qa2 Qd6 37. Bf7 Bxf5 38. Bd5 Bxh3 39. Bxa8 Nb3 40. Rd1 Qd4+ 41. Kh1 Rxa8 42. Qxb3 Bg4 43. h3 Bxd1 44. Qxd1 Rd8 45. Qf3 e4 0-1

[Event "Ustron op"]
[Site "Ustron POL"]
[Date "2022.08.13"]
[Round "2.11"]
[White "Golubka, Petro"]
[Black "Kacprzak, Karol"]
[Result "1/2-1/2"]
[WhiteElo "2367"]
[BlackElo "2195"]
[WhiteFideId "-1"]
[BlackFideId "-1"]
[PlyCount "107"]
[GameId "2130307572146395"]
[EventDate "2022.08.12"]
[EventType "swiss"]
[EventRounds "9"]
[EventCountry "POL"]
[SourceTitle "10 Days #697"]
[Source "ChessMix"]
[SourceDate "2022.09.01"]
[SourceVersion "1"]
[SourceVersionDate "2022.09.01"]
[SourceQuality "1"]

1. Nf3 Nf6 2. b3 c5 3. Bb2 g6 4. Bxf6 exf6 5. c4 d5 6. cxd5 Qxd5 7. Nc3 Qd8 8. e3 Bg7 9. Bb5+ Bd7 10. Bxd7+ Qxd7 11. Na4 b6 12. d4 f5 13. Rc1 cxd4 14. Nxd4 O-O 15. O-O Bxd4 16. Qxd4 Qxd4 17. exd4 Rd8 18. Rfd1 Na6 19. Kf1 Rd7 20. Nc3 Rad8 21. Nb5 Nb4 22. a3 Nd5 23. Rc4 Kg7 24. Ra4 a5 25. Rc4 h5 26. Rdc1 Re8 27. Rc6 Re4 28. Re1 h4 29. h3 Rxe1+ 30. Kxe1 Nf4 31. Kf1 Nd5 32. g3 hxg3 33. fxg3 Rd8 34. Rd6 Rxd6 35. Nxd6 Kf6 36. h4 f4 37. gxf4 Nxf4 38. Kf2 Ke6 39. Nc4 Kd5 40. Nxb6+ Kxd4 41. Nc4 a4 42. Na5 axb3 43. Nxb3+ Kc4 44. Nd2+ Kb5 45. Kf3 Ne6 46. Ne4 Ka4 47. Ng5 Nd4+ 48. Ke4 Nf5 49. h5 Ng3+ 50. Kf3 Nxh5 51. Nxf7 Kxa3 52. Ne5 g5 53. Nf7 g4+ 54. Ke4 1/2-1/2

[Event "Ustron op"]
[Site "Ustron POL"]
[Date "2022.08.14"]
[Round "3.11"]
[White "Turski, Bartlomiej"]
[Black "Golubka, Petro"]
[Result "1/2-1/2"]
[WhiteElo "2287"]
[BlackElo "2367"]
[WhiteFideId "-1"]
[BlackFideId "-1"]
[PlyCount "216"]
[GameId "2130307572146421"]
[EventDate "2022.08.12"]
[EventType "swiss"]
[EventRounds "9"]
[EventCountry "POL"]
[SourceTitle "10 Days #697"]
[Source "ChessMix"]
[SourceDate "2022.09.01"]
[SourceVersion "1"]
[SourceVersionDate "2022.09.01"]
[SourceQuality "1"]

1. e4 e5 2. Nf3 Nf6 3. Nc3 Nc6 4. d4 exd4 5. Nxd4 Bb4 6. Nxc6 dxc6 7. Qxd8+ Kxd8 8. Bd2 Be6 9. f3 Kc8 10. Ne2 a5 11. Nf4 Bxd2+ 12. Kxd2 a4 13. Nxe6 fxe6 14. a3 e5 15. Ke3 Kd7 16. Be2 Ke7 17. Rad1 Ne8 18. g3 Nd6 19. f4 g6 20. fxe5 Nf7 21. h4 Nxe5 22. g4 h6 23. g5 hxg5 24. hxg5 Nf7 25. Kf4 Raf8 26. Rxh8 Nxh8+ 27. Ke3 Nf7 28. Rd4 Nxg5 29. Rxa4 Nf7 30. Rb4 b6 31. a4 Ne5 32. a5 bxa5 33. Ra4 c5 34. Rxa5 Kd6 35. Ra6+ c6 36. Ra1 Rh8 37. Rg1 Rh3+ 38. Kf2 c4 39. c3 Ke7 40. Rd1 g5 41. Rg1 Kf6 42. Rf1 Ke6 43. Rg1 Kf6 44. Rf1 Kg6 45. Rg1 c5 46. Rd1 g4 47. Rd5 Kf6 48. Bxg4 Nxg4+ 49. Kg2 Rd3 50. Rxc5 Ne3+ 51. Kf2 Ng4+ 52. Ke2 Re3+ 53. Kd2 Rxe4 54. b3 cxb3 55. Rb5 Ra4 56. Rxb3 Ne5 57. Kc2 Ke6 58. Rb4 Ra1 59. Rd4 Nf7 60. Kb2 Re1 61. Kc2 Nd6 62. Kd2 Rh1 63. Kc2 Kd7 64. Rg4 Kc6 65. Rg5 Ne4 66. Rg2 Rh3 67. Rg8 Rxc3+ 68. Kb2 Rf3 69. Kc2 Kc5 70. Rc8+ Kd4 71. Rd8+ Kc4 72. Rc8+ Nc5 73. Kd2 Rd3+ 74. Ke2 Rd7 75. Ke3 Rd5 76. Rh8 Re5+ 77. Kf4 Nd3+ 78. Kf3 Kd4 79. Rd8+ Kc3 80. Rc8+ Kd2 81. Rd8 Re7 82. Rd6 Kc3 83. Rc6+ Kd4 84. Rd6+ Kc4 85. Rc6+ Nc5 86. Rc8 Kd4 87. Rd8+ Nd7 88. Ra8 Ne5+ 89. Kf4 Rf7+ 90. Kg5 Nc4 91. Ra1 Nd6 92. Ra4+ Ke5 93. Ra5+ Ke6 94. Ra6 Rf1 95. Kg4 Rf2 96. Kg3 Rf6 97. Kg4 Rf2 98. Kg3 Rc2 99. Ra1 Ne4+ 100. Kf3 Ke5 101. Ra5+ Nc5 102. Rb5 Rc3+ 103. Ke2 Kd5 104. Rb8 Ne6 105. Kd2 Rh3 106. Re8 Nc5 107. Rd8+ Kc4 108. Ke2 Rd3 1/2-1/2

[Event "Ustron op"]
[Site "Ustron POL"]
[Date "2022.08.15"]
[Round "4.8"]
[White "Golubka, Petro"]
[Black "Malek, Jan"]
[Result "1/2-1/2"]
[WhiteElo "2367"]
[BlackElo "2296"]
[WhiteFideId "-1"]
[BlackFideId "-1"]
[PlyCount "85"]
[GameId "2130307572150540"]
[EventDate "2022.08.12"]
[EventType "swiss"]
[EventRounds "9"]
[EventCountry "POL"]
[SourceTitle "10 Days #697"]
[Source "ChessMix"]
[SourceDate "2022.09.01"]
[SourceVersion "1"]
[SourceVersionDate "2022.09.01"]
[SourceQuality "1"]

1. e4 c5 2. b3 g6 3. Bb2 Nf6 4. e5 Nd5 5. Nc3 Nxc3 6. Bxc3 Bg7 7. Nf3 O-O 8. Bc4 d5 9. exd6 Qxd6 10. O-O Nc6 11. Bxg7 Kxg7 12. h3 Bf5 13. Re1 Rad8 14. Bf1 e5 15. d3 Qf6 16. Nd2 b6 17. a3 Rfe8 18. Qc1 Qd6 19. Nc4 Qc7 20. Qb2 Rd4 21. Re3 f6 22. Nd2 Red8 23. c3 R4d7 24. Ne4 Ne7 25. g3 Qc6 26. Rae1 Nd5 27. R3e2 h5 28. d4 cxd4 29. cxd4 exd4 30. Rc1 Qb7 31. Qxd4 Bxe4 32. Qxe4 Re7 33. Qd4 Rxe2 34. Bxe2 Qe7 35. Bf3 Nc7 36. Qe3 Qf7 37. Rc6 Nb5 38. Re6 Kf8 39. Bxh5 gxh5 40. Qh6+ Kg8 41. Rxf6 Rd1+ 42. Kh2 Rd6 43. Rxd6 1/2-1/2

[Event "Ustron op"]
[Site "Ustron POL"]
[Date "2022.08.17"]
[Round "6.10"]
[White "Golubka, Petro"]
[Black "Fargac, Martin"]
[Result "1/2-1/2"]
[WhiteElo "2367"]
[BlackElo "2302"]
[WhiteFideId "-1"]
[BlackFideId "-1"]
[PlyCount "143"]
[GameId "2130307572150592"]
[EventDate "2022.08.12"]
[EventType "swiss"]
[EventRounds "9"]
[EventCountry "POL"]
[SourceTitle "10 Days #697"]
[Source "ChessMix"]
[SourceDate "2022.09.01"]
[SourceVersion "1"]
[SourceVersionDate "2022.09.01"]
[SourceQuality "1"]

1. d4 Nf6 2. c4 e6 3. a3 d5 4. cxd5 exd5 5. Bg5 c6 6. Nc3 h6 7. Bf4 Bf5 8. e3 Bd6 9. Bg3 O-O 10. Bd3 Ne4 11. Bxe4 dxe4 12. Nge2 Qe7 13. Bxd6 Qxd6 14. Ng3 Qe6 15. d5 Qe5 16. O-O Bh7 17. Qb3 b6 18. Rfd1 Rd8 19. Qc4 c5 20. a4 f5 21. d6+ Kh8 22. Qf7 Nc6 23. Nb5 Rab8 24. Nxa7 Rxd6 25. Rxd6 Qxd6 26. Nxc6 Qxc6 27. Nxf5 Bxf5 28. Qxf5 Ra8 29. h4 Rxa4 30. Qf8+ Kh7 31. Rd1 Ra8 32. Qf7 Qf6 33. Qxf6 gxf6 34. Rd6 Ra1+ 35. Kh2 b5 36. Rxf6 Rb1 37. Rf5 Rxb2 38. Rxc5 Rxf2 39. Rxb5 Re2 40. Rb3 Kg6 41. Kh3 Kf6 42. g3 h5 43. g4 hxg4+ 44. Kxg4 Rg2+ 45. Kf4 Rf2+ 46. Kg3 Rf1 47. h5 Kg5 48. Rb5+ Kh6 49. Kg4 Rf3 50. Rb3 Kh7 51. Kg5 Kg7 52. h6+ Kh7 53. Ra3 Kg8 54. Kg6 Rg3+ 55. Kf5 Rh3 56. Ra8+ Kh7 57. Kxe4 Rxh6 58. Rf8 Kg7 59. Rf4 Ra6 60. Kf5 Kf7 61. e4 Ke7 62. e5 Ra1 63. Rf2 Ra6 64. Rh2 Rb6 65. Rh7+ Ke8 66. Ra7 Rc6 67. Rb7 Ra6 68. e6 Ra1 69. Kf6 Rf1+ 70. Ke5 Re1+ 71. Kf6 Rf1+ 72. Ke5 1/2-1/2

[Event "Ustron op"]
[Site "Ustron POL"]
[Date "2022.08.18"]
[Round "7.9"]
[White "Chylewski, Patryk"]
[Black "Golubka, Petro"]
[Result "1/2-1/2"]
[WhiteElo "2294"]
[BlackElo "2367"]
[WhiteFideId "-1"]
[BlackFideId "-1"]
[PlyCount "53"]
[GameId "2130307572150617"]
[EventDate "2022.08.12"]
[EventType "swiss"]
[EventRounds "9"]
[EventCountry "POL"]
[SourceTitle "10 Days #697"]
[Source "ChessMix"]
[SourceDate "2022.09.01"]
[SourceVersion "1"]
[SourceVersionDate "2022.09.01"]
[SourceQuality "1"]

1. e4 c5 2. Nf3 d6 3. c3 Nf6 4. h3 Nbd7 5. Bd3 e5 6. O-O Be7 7. Bc2 O-O 8. d4 b6 9. Re1 h6 10. Nbd2 Bb7 11. d5 b5 12. Nf1 c4 13. Ng3 Nb6 14. Be3 Re8 15. Nf5 Bc8 16. Nxe7+ Qxe7 17. Nh2 Bd7 18. Ng4 Nxg4 19. hxg4 Qh4 20. f3 Na4 21. Qc1 Rec8 22. Rb1 a5 23. Qd2 Nc5 24. Bf2 Qg5 25. Be3 Qh4 26. Bf2 Qg5 27. Be3 1/2-1/2

[Event "Ustron op"]
[Site "Ustron POL"]
[Date "2022.08.19"]
[Round "8.12"]
[White "Golubka, Petro"]
[Black "Karolczuk, Iwo"]
[Result "0-1"]
[WhiteElo "2367"]
[BlackElo "2260"]
[WhiteFideId "-1"]
[BlackFideId "-1"]
[PlyCount "78"]
[GameId "2130307572154743"]
[EventDate "2022.08.12"]
[EventType "swiss"]
[EventRounds "9"]
[EventCountry "POL"]
[SourceTitle "10 Days #697"]
[Source "ChessMix"]
[SourceDate "2022.09.01"]
[SourceVersion "1"]
[SourceVersionDate "2022.09.01"]
[SourceQuality "1"]

1. e4 c5 2. Nf3 d6 3. c3 Nf6 4. h3 Nc6 5. Qc2 e5 6. Bb5 Bd7 7. O-O Be7 8. Re1 O-O 9. d3 a6 10. Bc4 b5 11. Bd5 Nxd5 12. exd5 Na5 13. c4 bxc4 14. dxc4 f5 15. Nfd2 Rf6 16. Nc3 Rg6 17. f4 e4 18. Ne2 Bf6 19. Kh2 Bd4 20. Nf1 Bf2 21. Be3 Bxe1 22. Rxe1 Rb8 23. g3 Nxc4 24. Qxc4 Rxb2 25. Qc3 Rxa2 26. Nd2 Bb5 27. Nc1 Ra4 28. Ndb3 Qf6 29. Qc2 Rc4 30. Qf2 Rc3 31. Na5 Ra3 32. Ncb3 Qc3 33. Rd1 Rxb3 34. Nxb3 Qxb3 35. Rd2 Rf6 36. g4 fxg4 37. hxg4 Rh6+ 38. Kg3 Rh1 39. f5 Rf1 0-1

[Event "Anderssen mem. op-A"]
[Site "Wroclaw POL"]
[Date "2022.07.31"]
[Round "1.4"]
[White "Paczka, Patryk"]
[Black "Golubka, Petro"]
[Result "0-1"]
[WhiteElo "1982"]
[BlackElo "2378"]
[WhiteFideId "-1"]
[BlackFideId "-1"]
[PlyCount "70"]
[GameId "2130307572480275"]
[EventDate "2022.07.31"]
[EventType "swiss"]
[EventRounds "9"]
[EventCountry "POL"]
[SourceTitle "10 Days #695"]
[Source "ChessMix"]
[SourceDate "2022.08.10"]
[SourceVersion "1"]
[SourceVersionDate "2022.08.10"]
[SourceQuality "1"]

1. e4 c5 2. d4 cxd4 3. c3 d3 4. c4 e5 5. Bxd3 Bc5 6. Nc3 Nc6 7. Nf3 d6 8. h3 Nf6 9. O-O h6 10. Na4 g5 11. Nxc5 dxc5 12. Bc2 Qe7 13. Ba4 Bd7 14. Re1 O-O-O 15. Qc2 g4 16. hxg4 Nxg4 17. Be3 Nb4 18. Bxd7+ Rxd7 19. Qa4 a6 20. a3 Nd3 21. Red1 f5 22. exf5 e4 23. Ne1 Nxe3 24. fxe3 Qg5 25. Nxd3 exd3 26. Rd2 Qxe3+ 27. Rf2 Rf8 28. Kf1 Qe5 29. Rd1 Qh2 30. Qxd7+ Kxd7 31. Rxd3+ Kc7 32. Rh3 Qe5 33. Rhf3 Qe4 34. Re2 Qxc4 35. f6 Re8 0-1

[Event "Anderssen mem. op-A"]
[Site "Wroclaw POL"]
[Date "2022.07.31"]
[Round "2.4"]
[White "Golubka, Petro"]
[Black "Jankowiak, Tomasz"]
[Result "1-0"]
[WhiteElo "2378"]
[BlackElo "2134"]
[WhiteFideId "-1"]
[BlackFideId "-1"]
[PlyCount "71"]
[GameId "2130307572480294"]
[EventDate "2022.07.31"]
[EventType "swiss"]
[EventRounds "9"]
[EventCountry "POL"]
[SourceTitle "10 Days #695"]
[Source "ChessMix"]
[SourceDate "2022.08.10"]
[SourceVersion "1"]
[SourceVersionDate "2022.08.10"]
[SourceQuality "1"]

1. e4 c5 2. Nc3 Nc6 3. f4 g6 4. Bb5 Nd4 5. Nf3 Bg7 6. a4 a6 7. Bc4 d6 8. O-O Nf6 9. Be2 O-O 10. Kh1 e5 11. d3 Re8 12. fxe5 dxe5 13. Bg5 Qd6 14. Nd2 h6 15. Nc4 Qc6 16. Bh4 b6 17. Bxf6 Bxf6 18. Nxb6 Rb8 19. Nxc8 Rxb2 20. Bg4 Bg5 21. Rb1 Rxc2 22. Rb6 Qa8 23. Nd6 Rxc3 24. Nxe8 Qxe8 25. Qb1 Nc6 26. Qb2 Rxd3 27. Qc2 Rd4 28. Qxc5 Nd8 29. Rxa6 Rxe4 30. Rxg6+ Kh8 31. Bd7 Ne6 32. Rxe6 Qxd7 33. Qf8+ Kh7 34. Rxf7+ Qxf7 35. Qxf7+ Kh8 36. Re8# 1-0

[Event "Anderssen mem. op-A"]
[Site "Wroclaw POL"]
[Date "2022.08.01"]
[Round "3.3"]
[White "Sernecki, Franciszek"]
[Black "Golubka, Petro"]
[Result "1-0"]
[WhiteElo "2261"]
[BlackElo "2378"]
[WhiteFideId "-1"]
[BlackFideId "-1"]
[PlyCount "95"]
[GameId "2130307572480313"]
[EventDate "2022.07.31"]
[EventType "swiss"]
[EventRounds "9"]
[EventCountry "POL"]
[SourceTitle "10 Days #695"]
[Source "ChessMix"]
[SourceDate "2022.08.10"]
[SourceVersion "1"]
[SourceVersionDate "2022.08.10"]
[SourceQuality "1"]

1. d4 d5 2. c4 e6 3. Nf3 c6 4. Nbd2 f5 5. g3 Nf6 6. Bg2 Be7 7. O-O O-O 8. Ne5 Nbd7 9. Ndf3 Ne4 10. b3 a5 11. a4 Ndf6 12. Ba3 Bxa3 13. Rxa3 Bd7 14. Nd3 Be8 15. Qc2 Bh5 16. Re1 Re8 17. Nfe5 Nd7 18. Raa1 Nef6 19. Rac1 Qe7 20. Qd2 Ne4 21. Qc2 Nef6 22. Qd2 Bf7 23. c5 Nxe5 24. Nxe5 Nd7 25. Nxd7 Qxd7 26. f4 Reb8 27. Bf3 Qe8 28. Rc3 h6 29. Rec1 Qd8 30. Kh1 g5 31. e3 g4 32. Bd1 h5 33. h4 gxh3 34. Qh2 h4 35. Qxh3 Qe8 36. gxh4 Kh7 37. R3c2 b5 38. cxb6 Rxb6 39. Rg2 Qe7 40. Bc2 Rg8 41. Rg5 c5 42. dxc5 Rc6 43. Rcg1 Rg6 44. h5 Rh6 45. Qg3 Qf6 46. Rg7+ Kh8 47. Rg8+ Kh7 48. Qg7+ 1-0

[Event "Anderssen mem. op-A"]
[Site "Wroclaw POL"]
[Date "2022.08.02"]
[Round "4.4"]
[White "Golubka, Petro"]
[Black "Kulesza, Andrzej"]
[Result "1-0"]
[WhiteElo "2378"]
[BlackElo "2051"]
[WhiteFideId "-1"]
[BlackFideId "-1"]
[PlyCount "77"]
[GameId "2130307572484430"]
[EventDate "2022.07.31"]
[EventType "swiss"]
[EventRounds "9"]
[EventCountry "POL"]
[SourceTitle "10 Days #695"]
[Source "ChessMix"]
[SourceDate "2022.08.10"]
[SourceVersion "1"]
[SourceVersionDate "2022.08.10"]
[SourceQuality "1"]

1. c4 Nf6 2. d4 e6 3. a3 b6 4. Nc3 Bb7 5. f3 d5 6. cxd5 exd5 7. Bg5 Be7 8. e3 O-O 9. Qd2 Re8 10. O-O-O Nbd7 11. Bd3 a6 12. Nge2 c5 13. g4 c4 14. Bc2 b5 15. h4 Bc6 16. e4 Nb6 17. e5 Nfd7 18. Ng3 a5 19. Bxe7 Rxe7 20. Nf5 Re6 21. Ne2 b4 22. axb4 axb4 23. Qxb4 c3 24. b3 Rb8 25. Nf4 Re8 26. Qxc3 Ba8 27. Nd6 Re7 28. Kd2 Nf8 29. Rc1 f6 30. Nf5 Rc7 31. Qe3 fxe5 32. Qxe5 Rf7 33. Rhe1 Nbd7 34. Qe3 Kh8 35. h5 Rc8 36. Nd6 Qa5+ 37. Kd1 Rf6 38. Nxc8 Qc7 39. Bf5 1-0

[Event "Anderssen mem. op-A"]
[Site "Wroclaw POL"]
[Date "2022.08.04"]
[Round "6.3"]
[White "Zysko, Jan"]
[Black "Golubka, Petro"]
[Result "0-1"]
[WhiteElo "2138"]
[BlackElo "2378"]
[WhiteFideId "-1"]
[BlackFideId "-1"]
[PlyCount "148"]
[GameId "2130307572484467"]
[EventDate "2022.07.31"]
[EventType "swiss"]
[EventRounds "9"]
[EventCountry "POL"]
[SourceTitle "10 Days #695"]
[Source "ChessMix"]
[SourceDate "2022.08.10"]
[SourceVersion "1"]
[SourceVersionDate "2022.08.10"]
[SourceQuality "1"]

1. d4 d5 2. c4 c6 3. Nc3 dxc4 4. e3 Be6 5. Nf3 Nf6 6. Ng5 Bg4 7. f3 Bh5 8. Bxc4 e6 9. e4 Nbd7 10. O-O Nb6 11. Bb3 Bg6 12. e5 Nfd5 13. Nge4 Be7 14. Qe2 h5 15. Rd1 h4 16. Bd2 a5 17. a3 Bf5 18. Nc5 Ra7 19. N3e4 a4 20. Ba2 O-O 21. Rac1 Nd7 22. Nd6 Bxd6 23. exd6 N7f6 24. Bg5 Qxd6 25. Bxh4 Qf4 26. Bf2 Qg5 27. Qd2 Qg6 28. Kh1 Qh7 29. Qg5 b6 30. Ne4 Bxe4 31. fxe4 Nxe4 32. Qh4 Qxh4 33. Bxh4 Rc8 34. Bb1 Nd6 35. Rd2 Nf5 36. Bf2 Rd7 37. Be4 Nfe7 38. Bf3 Rcd8 39. Kg1 b5 40. Rdc2 Rb8 41. h3 Rb6 42. Kh2 Kf8 43. Rc5 Ke8 44. Bh4 f6 45. Bf2 Kf7 46. R5c2 Rbb7 47. Re1 b4 48. Rc4 Rb5 49. Bh5+ g6 50. Bg4 f5 51. Bd1 Nb6 52. Rc5 bxa3 53. bxa3 Rxc5 54. dxc5 Nc4 55. Bxa4 Rd3 56. Rb1 Rxa3 57. Rb7 Rxa4 58. Bh4 g5 59. Bxg5 Kg6 60. Bxe7 f4 61. Bd6 e5 62. Rc7 Ra1 63. Rxc6 Kf5 64. Rc8 Ne3 65. g4+ Ke4 66. Rb8 Ra2+ 67. Kh1 f3 68. Rb4+ Kd5 69. Rb1 f2 70. g5 f1=R+ 71. Rxf1 Nxf1 72. g6 Ng3+ 73. Kg1 Ke4 74. g7 Kf3 0-1

[Event "Anderssen mem. op-A"]
[Site "Wroclaw POL"]
[Date "2022.08.06"]
[Round "8.1"]
[White "Golubka, Petro"]
[Black "Bogdanov, Egor"]
[Result "1/2-1/2"]
[WhiteElo "2378"]
[BlackElo "2382"]
[WhiteFideId "-1"]
[BlackFideId "-1"]
[PlyCount "39"]
[GameId "2130307572484502"]
[EventDate "2022.07.31"]
[EventType "swiss"]
[EventRounds "9"]
[EventCountry "POL"]
[SourceTitle "10 Days #695"]
[Source "ChessMix"]
[SourceDate "2022.08.10"]
[SourceVersion "1"]
[SourceVersionDate "2022.08.10"]
[SourceQuality "1"]

1. d4 d5 2. c4 e6 3. Nc3 Nf6 4. Nf3 c5 5. cxd5 Nxd5 6. e4 Nxc3 7. bxc3 cxd4 8. cxd4 Bb4+ 9. Bd2 Bxd2+ 10. Qxd2 O-O 11. Bc4 Nd7 12. O-O Nf6 13. Rfe1 b6 14. Rad1 Bb7 15. Qf4 Rc8 16. Bb3 Nh5 17. Qe3 Nf6 18. Qf4 Nh5 19. Qe5 Nf6 20. Qf4 1/2-1/2

[Event "Anderssen mem. op-A"]
[Site "Wroclaw POL"]
[Date "2022.08.07"]
[Round "9.3"]
[White "Golubka, Petro"]
[Black "Kolbus, Dietmar"]
[Result "1-0"]
[WhiteElo "2378"]
[BlackElo "2285"]
[WhiteFideId "-1"]
[BlackFideId "-1"]
[PlyCount "149"]
[GameId "2130307572488619"]
[EventDate "2022.07.31"]
[EventType "swiss"]
[EventRounds "9"]
[EventCountry "POL"]
[SourceTitle "10 Days #695"]
[Source "ChessMix"]
[SourceDate "2022.08.10"]
[SourceVersion "1"]
[SourceVersionDate "2022.08.10"]
[SourceQuality "1"]

1. e4 e6 2. Qe2 c5 3. Nf3 Nc6 4. g3 Nf6 5. Bg2 d5 6. d3 Be7 7. O-O b6 8. c4 dxe4 9. dxe4 e5 10. h3 Nd7 11. Nc3 O-O 12. Nd5 Ba6 13. b3 Re8 14. h4 Nf8 15. Bb2 Bd6 16. Bh3 h6 17. Nd2 Ne6 18. a3 Bc8 19. Kh2 Bf8 20. Qd3 Rb8 21. Nf3 Bd6 22. Rad1 Ncd4 23. Nxd4 cxd4 24. b4 a5 25. Bc1 axb4 26. axb4 Bb7 27. Bd2 Bc6 28. Ra1 Rb7 29. Rfe1 Bb8 30. Ra6 Bd7 31. Bg2 Bc8 32. Kg1 Bd7 33. Rea1 Bc8 34. Bf3 Nc7 35. Rxb6 Nxd5 36. Rxb7 Nf4 37. Bxf4 Bxb7 38. Bd2 f5 39. Re1 f4 40. Bg2 Bc8 41. c5 Be6 42. b5 g5 43. h5 Qc8 44. Rc1 Re7 45. b6 Qc6 46. Bf1 Kg7 47. Be2 Rf7 48. g4 f3 49. Bxf3 Bd7 50. Bd1 Qf6 51. f3 Bxg4 52. c6 Bd6 53. c7 Bc8 54. b7 Bxb7 55. c8=Q Bxc8 56. Rxc8 Rc7 57. Rxc7+ Bxc7 58. Bb3 Qc6 59. Kg2 Kf6 60. Qc4 Qxc4 61. Bxc4 Bd6 62. Kf1 Ke7 63. Ba5 Kd7 64. Bb5+ Ke6 65. Ke2 Ba3 66. Kd3 Bd6 67. Kc4 Ba3 68. Ba4 Be7 69. Kb5 Kd7 70. Kb6+ Ke6 71. Kc6 Bd6 72. Bb3+ Ke7 73. Bb6 Bb8 74. Bc5+ Kd8 75. Bf8 1-0